[Event "World Junior U20 Open 2018"]
[Site "Gebze"]
[Date "2018.09.12"]
[Round "8.62"]
[White "Tarlabasi, Emirhan"]
[Black "Dobrovoljc, Vid"]
[Result "0-1"]
[WhiteElo "2193"]
[BlackElo "2316"]
[Annotator "NA"]
[PlyCount "52"]
[EventDate "2018.09.05"]
[EventType "swiss"]
[EventCountry "TUR"]
[SourceTitle "playchess.com"]
[Source "ChessBase"]
[SourceQuality "1"]
[TimeControl "40/5400+30:1800+30"]

1. d4 {[%emt 0:00:30]} Nf6 {[%emt 0:00:30]} 2. c4 {[%emt 0:00:00]} e6 {[%emt 0:00:00]} 3. Nf3 {[%emt 0:00:00]} d5 {[%emt 0:00:00]} 4. Nc3 {[%emt 0:00:00]} c6 {[%emt 0:00:30]} 5. e3 {[%emt 0:01:00]} Nbd7 {[%emt 0:00:30]} 6. Qc2 {[%emt 0:00:30]} Bd6 {[%emt 0:00:00]} 7. b3 {[%emt 0:01:30]} O-O {[%emt 0:00:00]} 8. Be2 {[%emt 0:00:30]} b6 {[%emt 0:01:30]} 9. O-O {[%emt 0:00:30]} Bb7 {[%emt 0:00:30]} 10. Bb2 {[%emt 0:00:30]} Qe7 {[%emt 0:00:30]} 11. e4 {[%emt 0:06:30]} Nxe4 {[%emt 0:01:30]} 12. Nxe4 {[%emt 0:00:30]} dxe4 {[%emt 0:00:30]} 13. Qxe4 {[%emt 0:00:00]} f5 {[%emt 0:01:30]} 14. Qc2 {[%emt 0:04:00]} c5 {[%emt 0:02:30]} 15. dxc5 {[%emt 0:11:30]} Bxc5 {[%emt 0:12:30]} 16. Nd4 {[%emt 0:10:30]} Nf6 {[%emt 0:01:30]} 17. Rad1 {[%emt 0:08:30]} Rad8 {[%emt 0:04:30]} 18. Kh1 {[%emt 0:05:30]} Be4 {[%emt 0:05:30]} 19. Qc1 {[%emt 0:07:30]} e5 {[%emt 0:00:30]} 20. Nb5 {[%emt 0:01:30]} Ng4 {[%emt 0:16:30]} 21. Rxd8 {[%emt 0:15:30]} Rxd8 {[%emt 0:01:30]} 22. Qe1 {[%emt 0:17:12]} Nxh2 {[%emt 0:05:30]} 23. f3 {[%emt 0:03:59]} Nxf1 {[%emt 0:00:30]} 24. fxe4 {[%emt 0:00:22]} Qg5 {[%emt 0:01:30]} 25. g4 {[%emt 0:02:27]} Qh6+ {[%emt 0:00:30]} 26. Kg2 {[%emt 0:00:03]} Qh2+ {[%emt 0:00:30]} 0-1

[Event "World Junior U20 Open 2018"]
[Site "Gebze"]
[Date "2018.09.12"]
[Round "8.63"]
[White "Ismayilov, Muhammad"]
[Black "Jogstad, Martin"]
[Result "1-0"]
[WhiteElo "2137"]
[BlackElo "2305"]
[Annotator "NA"]
[PlyCount "97"]
[EventDate "2018.09.05"]
[EventType "swiss"]
[EventCountry "TUR"]
[SourceTitle "playchess.com"]
[Source "ChessBase"]
[SourceQuality "1"]
[TimeControl "40/5400+30:1800+30"]

1. e4 {[%emt 0:00:30]} c5 {[%emt 0:00:30]} 2. Nf3 {[%emt 0:00:30]} e6 {[%emt 0:00:00]} 3. d4 {[%emt 0:00:00]} cxd4 {[%emt 0:00:00]} 4. Nxd4 {[%emt 0:00:00]} Nc6 {[%emt 0:00:30]} 5. Nc3 {[%emt 0:00:30]} Qc7 {[%emt 0:00:00]} 6. Be3 {[%emt 0:00:30]} a6 {[%emt 0:00:00]} 7. Be2 {[%emt 0:00:30]} b5 {[%emt 0:00:30]} 8. a3 {[%emt 0:05:30]} Bb7 {[%emt 0:01:30]} 9. O-O {[%emt 0:01:30]} Rc8 {[%emt 0:00:30]} 10. f4 {[%emt 0:06:30]} Bc5 {[%emt 0:05:30]} 11. Qd2 {[%emt 0:13:30]} Nxd4 {[%emt 0:01:30]} 12. Bxd4 {[%emt 0:02:30]} Bxd4+ {[%emt 0:03:30]} 13. Qxd4 {[%emt 0:00:30]} Qc5 {[%emt 0:00:00]} 14. Rad1 {[%emt 1:04:30]} Qc7 {[%emt 0:21:00]} 15. Ra1 {[%emt 0:00:30]} Qc5 {[%emt 0:00:30]} 16. Rad1 {[%emt 0:00:30]} Ne7 {[%emt 0:00:00]} 17. Qxc5 {[%emt 0:00:00]} Rxc5 {[%emt 0:00:00]} 18. Rf3 {[%emt 0:00:00]} d5 {[%emt 0:03:30]} 19. Rfd3 {[%emt 0:00:00]} O-O {[%emt 0:02:30]} 20. Bf3 {[%emt 0:00:00]} dxe4 {[%emt 0:16:30]} 21. Nxe4 {[%emt 0:00:00]} Rd5 {[%emt 0:00:30]} 22. Nc3 {[%emt 0:00:00]} Rxd3 {[%emt 0:01:30]} 23. Rxd3 {[%emt 0:00:00]} Bxf3 {[%emt 0:00:30]} 24. Rxf3 {[%emt 0:00:00]} Rc8 {[%emt 0:10:30]} 25. Rd3 {[%emt 0:00:00]} Kf8 {[%emt 0:03:30]} 26. Kf1 {[%emt 0:00:00]} Ke8 {[%emt 0:03:30]} 27. Ke2 {[%emt 0:00:00]} Rc4 {[%emt 0:01:30]} 28. g3 {[%emt 0:00:00]} Nf5 {[%emt 0:01:30]} 29. Kd2 {[%emt 0:00:00]} h5 {[%emt 0:01:30]} 30. b3 {[%emt 0:00:00]} Rc8 {[%emt 0:07:32]} 31. Ne4 {[%emt 0:00:00]} Ke7 {[%emt 0:00:08]} 32. h3 {[%emt 0:00:00]} f6 {[%emt 0:05:17]} 33. Rc3 {[%emt 0:00:00]} Rxc3 {[%emt 0:02:03]} 34. Kxc3 {[%emt 0:00:00]} Ne3 {[%emt 0:00:00]} 35. Kd3 {[%emt 0:00:00]} Nd5 {[%emt 0:00:00]} 36. c4 {[%emt 0:00:00]} bxc4+ {[%emt 0:00:29]} 37. bxc4 {[%emt 0:00:00]} Nc7 {[%emt 0:00:30]} 38. Kd4 {[%emt 0:00:00]} f5 {[%emt 0:01:02]} 39. Ng5 {[%emt 0:00:00]} a5 {[%emt 0:06:06]} 40. Kc5 {[%emt 0:00:00]} e5 {[%emt 0:01:03]} 41. fxe5 {[%emt 0:30:11]} Ne6+ {[%emt 0:30:01]} 42. Nxe6 {[%emt 0:00:24]} Kxe6 {[%emt 0:00:00]} 43. Kd4 {[%emt 0:00:00]} h4 {[%emt 0:00:00]} 44. gxh4 {[%emt 0:00:00]} f4 {[%emt 0:00:00]} 45. Ke4 {[%emt 0:00:00]} f3 {[%emt 0:00:00]} 46. Kxf3 {[%emt 0:00:00]} Kxe5 {[%emt 0:00:00]} 47. Ke3 {[%emt 0:00:00]} g6 {[%emt 0:00:00]} 48. a4 {[%emt 0:00:00]} Kf5 {[%emt 0:00:00]} 49. Kd4 {[%emt 0:00:00]} 1-0

[Event "World Junior U20 Open 2018"]
[Site "Gebze"]
[Date "2018.09.12"]
[Round "8.64"]
[White "Caglar, Ahmet Ata"]
[Black "Tifferet, Shaked"]
[Result "1/2-1/2"]
[WhiteElo "2071"]
[BlackElo "2299"]
[Annotator "NA"]
[PlyCount "70"]
[EventDate "2018.09.05"]
[EventType "swiss"]
[EventCountry "TUR"]
[SourceTitle "playchess.com"]
[Source "ChessBase"]
[SourceQuality "1"]
[TimeControl "40/5400+30:1800+30"]

1. Nf3 {[%emt 0:00:30]} Nf6 {[%emt 0:00:30]} 2. c4 {[%emt 0:00:00]} e6 {[%emt 0:00:30]} 3. g3 {[%emt 0:00:00]} d5 {[%emt 0:00:00]} 4. Bg2 {[%emt 0:00:30]} Be7 {[%emt 0:00:00]} 5. O-O {[%emt 0:00:00]} O-O {[%emt 0:00:00]} 6. b3 {[%emt 0:01:00]} b6 {[%emt 0:01:00]} 7. Bb2 {[%emt 0:02:30]} Bb7 {[%emt 0:00:30]} 8. cxd5 {[%emt 0:01:30]} exd5 {[%emt 0:04:30]} 9. d4 {[%emt 0:01:30]} Ne4 {[%emt 0:03:30]} 10. Nc3 {[%emt 0:02:30]} Nxc3 {[%emt 0:00:30]} 11. Bxc3 {[%emt 0:00:30]} Nd7 {[%emt 0:00:30]} 12. Qc2 {[%emt 0:04:30]} a5 {[%emt 0:01:30]} 13. Rfd1 {[%emt 0:04:30]} Bd6 {[%emt 0:13:30]} 14. Rac1 {[%emt 0:05:30]} Qe7 {[%emt 0:01:30]} 15. e3 {[%emt 0:03:30]} b5 {[%emt 0:10:30]} 16. Bb2 {[%emt 0:04:30]} c6 {[%emt 0:02:30]} 17. Nh4 {[%emt 0:01:30]} g6 {[%emt 0:00:30]} 18. e4 {[%emt 0:17:30]} dxe4 {[%emt 0:11:30]} 19. Qxe4 {[%emt 0:02:30]} Qxe4 {[%emt 0:02:30]} 20. Bxe4 {[%emt 0:00:30]} Rac8 {[%emt 0:00:00]} 21. d5 {[%emt 0:06:30]} c5 {[%emt 0:00:00]} 22. Bd3 {[%emt 0:00:30]} b4 {[%emt 0:01:30]} 23. Ng2 {[%emt 0:02:30]} Nb6 {[%emt 0:07:30]} 24. Ne3 {[%emt 0:00:30]} f5 {[%emt 0:03:30]} 25. Bb5 {[%emt 0:03:30]} Rc7 {[%emt 0:03:30]} 26. Rc2 {[%emt 0:08:30]} Bc8 {[%emt 0:01:30]} 27. Re2 {[%emt 0:02:30]} Bd7 {[%emt 0:10:32]} 28. Bxd7 {[%emt 0:01:30]} Rxd7 {[%emt 0:00:28]} 29. Nc4 {[%emt 0:01:30]} Nxc4 {[%emt 0:00:30]} 30. bxc4 {[%emt 0:00:30]} a4 {[%emt 0:05:36]} 31. f4 {[%emt 0:02:30]} Kf7 {[%emt 0:09:05]} 32. Re6 {[%emt 0:00:30]} Be7 {[%emt 0:00:58]} 33. Ra6 {[%emt 0:00:30]} a3 {[%emt 0:00:30]} 34. Be5 {[%emt 0:00:00]} Rfd8 {[%emt 0:00:38]} 35. Kf2 {[%emt 0:00:00]} Rb7 {[%emt 0:01:12]} 1/2-1/2

[Event "World Junior U20 Open 2018"]
[Site "Gebze"]
[Date "2018.09.12"]
[Round "8.65"]
[White "Zrikem, Nassim"]
[Black "Gulbeyaz, Emir"]
[Result "0-1"]
[WhiteElo "2066"]
[BlackElo "2285"]
[Annotator "NA"]
[PlyCount "92"]
[EventDate "2018.09.05"]
[EventType "swiss"]
[EventCountry "TUR"]
[SourceTitle "playchess.com"]
[Source "ChessBase"]
[SourceQuality "1"]
[TimeControl "40/5400+30:1800+30"]

1. e4 {[%emt 0:01:30]} g6 {[%emt 0:02:30]} 2. d4 {[%emt 0:00:00]} Bg7 {[%emt 0:00:00]} 3. Nc3 {[%emt 0:00:00]} d6 {[%emt 0:00:00]} 4. Be3 {[%emt 0:00:30]} a6 {[%emt 0:00:30]} 5. Qd2 {[%emt 0:00:30]} b5 {[%emt 0:00:00]} 6. f3 {[%emt 0:00:00]} Bb7 {[%emt 0:00:00]} 7. a4 {[%emt 0:00:00]} c6 {[%emt 0:01:30]} 8. axb5 {[%emt 0:00:00]} cxb5 {[%emt 0:00:00]} 9. Nh3 {[%emt 0:07:00]} Nd7 {[%emt 0:00:00]} 10. Be2 {[%emt 0:03:30]} Ngf6 {[%emt 0:01:30]} 11. O-O {[%emt 0:03:30]} O-O {[%emt 0:00:30]} 12. Bd3 {[%emt 0:09:30]} Rc8 {[%emt 0:00:30]} 13. Ne2 {[%emt 0:00:30]} Nb6 {[%emt 0:02:30]} 14. b3 {[%emt 0:02:30]} Nfd7 {[%emt 0:05:30]} 15. Rfc1 {[%emt 0:13:30]} e5 {[%emt 0:03:30]} 16. d5 {[%emt 0:09:30]} Nc5 {[%emt 0:05:30]} 17. Rab1 {[%emt 0:06:30]} Ra8 {[%emt 0:12:30]} 18. b4 {[%emt 0:08:30]} Nca4 {[%emt 0:05:30]} 19. c4 {[%emt 0:01:30]} bxc4 {[%emt 0:00:30]} 20. Bxc4 {[%emt 0:00:30]} Nxc4 {[%emt 0:00:30]} 21. Rxc4 {[%emt 0:00:00]} Bc8 {[%emt 0:00:00]} 22. Qc2 {[%emt 0:05:00]} Nb6 {[%emt 0:13:00]} 23. Rc6 {[%emt 0:00:30]} Rb8 {[%emt 0:01:30]} 24. Nf2 {[%emt 0:01:30]} Re8 {[%emt 0:14:30]} 25. Rc1 {[%emt 0:02:30]} Bd7 {[%emt 0:00:30]} 26. Rxd6 {[%emt 0:20:50]} Bf8 {[%emt 0:02:30]} 27. Rxb6 {[%emt 0:00:48]} Rxb6 {[%emt 0:00:30]} 28. Bxb6 {[%emt 0:00:00]} Qxb6 {[%emt 0:00:30]} 29. Qc7 {[%emt 0:00:00]} Qxc7 {[%emt 0:01:30]} 30. Rxc7 {[%emt 0:00:00]} Rd8 {[%emt 0:04:30]} 31. Nd3 {[%emt 0:03:53]} Bb5 {[%emt 0:01:30]} 32. Nec1 {[%emt 0:00:22]} Bd6 {[%emt 0:00:30]} 33. Rc3 {[%emt 0:00:46]} f5 {[%emt 0:00:30]} 34. Nc5 {[%emt 0:00:45]} Rc8 {[%emt 0:02:30]} 35. N1d3 {[%emt 0:01:00]} a5 {[%emt 0:00:30]} 36. bxa5 {[%emt 0:00:35]} Bxd3 {[%emt 0:00:00]} 37. Rxd3 {[%emt 0:00:07]} Rxc5 {[%emt 0:00:00]} 38. g4 {[%emt 0:00:24]} fxg4 {[%emt 0:01:30]} 39. fxg4 {[%emt 0:00:03]} Rxa5 {[%emt 0:00:00]} 40. Kg2 {[%emt 0:00:00]} Ra4 {[%emt 0:00:00]} 41. Re3 {[%emt 0:05:27]} Kg7 {[%emt 0:00:00]} 42. Kf3 {[%emt 0:02:30]} Ra2 {[%emt 0:02:00]} 43. h3 {[%emt 0:00:30]} Kf6 {[%emt 0:05:30]} 44. h4 {[%emt 0:00:30]} Ra3 {[%emt 0:00:30]} 45. Rxa3 {[%emt 0:00:30]} Bxa3 {[%emt 0:00:30]} 46. g5+ {[%emt 0:00:30]} Ke7 {[%emt 0:00:30]} 0-1

[Event "World Junior U20 Open 2018"]
[Site "Gebze"]
[Date "2018.09.12"]
[Round "8.66"]
[White "Kilic, Efe Mert"]
[Black "Cirovic, Miroljub"]
[Result "1/2-1/2"]
[WhiteElo "2269"]
[BlackElo "2181"]
[Annotator "NA"]
[PlyCount "135"]
[EventDate "2018.09.05"]
[EventType "swiss"]
[EventCountry "TUR"]
[SourceTitle "playchess.com"]
[Source "ChessBase"]
[SourceQuality "1"]
[TimeControl "40/5400+30:1800+30"]

1. e4 {[%emt 0:00:30]} c5 {[%emt 0:00:30]} 2. Nf3 {[%emt 0:00:30]} Nc6 {[%emt 0:00:30]} 3. d4 {[%emt 0:00:00]} cxd4 {[%emt 0:00:30]} 4. Nxd4 {[%emt 0:00:00]} g6 {[%emt 0:00:00]} 5. Nc3 {[%emt 0:00:30]} Bg7 {[%emt 0:01:00]} 6. Be3 {[%emt 0:00:30]} Nf6 {[%emt 0:00:00]} 7. Bc4 {[%emt 0:00:30]} Qa5 {[%emt 0:00:00]} 8. O-O {[%emt 0:00:30]} O-O {[%emt 0:00:30]} 9. Bb3 {[%emt 0:00:00]} d6 {[%emt 0:00:00]} 10. h3 {[%emt 0:00:00]} Bd7 {[%emt 0:00:00]} 11. f4 {[%emt 0:06:30]} Rac8 {[%emt 0:00:00]} 12. Qf3 {[%emt 0:05:30]} Qh5 {[%emt 0:01:00]} 13. Nxc6 {[%emt 0:00:30]} Bxc6 {[%emt 0:00:00]} 14. g4 {[%emt 0:00:30]} Qa5 {[%emt 0:00:00]} 15. Rad1 {[%emt 0:16:30]} b5 {[%emt 0:08:30]} 16. Nd5 {[%emt 0:00:30]} Bxd5 {[%emt 0:00:30]} 17. exd5 {[%emt 0:00:30]} Nd7 {[%emt 0:01:30]} 18. Bd4 {[%emt 0:00:30]} Nc5 {[%emt 0:06:30]} 19. Bxg7 {[%emt 0:13:30]} Kxg7 {[%emt 0:00:30]} 20. Qf2 {[%emt 0:21:30]} Qb6 {[%emt 0:08:30]} 21. c3 {[%emt 0:01:30]} Nxb3 {[%emt 0:02:30]} 22. axb3 {[%emt 0:03:30]} Qxf2+ {[%emt 0:02:30]} 23. Kxf2 {[%emt 0:00:30]} b4 {[%emt 0:06:30]} 24. c4 {[%emt 0:05:30]} a5 {[%emt 0:00:30]} 25. Ra1 {[%emt 0:00:00]} Rc5 {[%emt 0:00:30]} 26. Ke3 {[%emt 0:05:49]} e6 {[%emt 0:00:30]} 27. Rfd1 {[%emt 0:02:54]} Rd8 {[%emt 0:06:30]} 28. Ra4 {[%emt 0:01:35]} exd5 {[%emt 0:20:30]} 29. Rxd5 {[%emt 0:01:35]} Rxd5 {[%emt 0:00:30]} 30. cxd5 {[%emt 0:00:30]} Ra8 {[%emt 0:00:00]} 31. Ra1 {[%emt 0:00:00]} Kf8 {[%emt 0:00:00]} 32. Kd3 {[%emt 0:00:38]} Ke7 {[%emt 0:00:30]} 33. Rc1 {[%emt 0:02:26]} Kd7 {[%emt 0:00:30]} 34. Rc6 {[%emt 0:01:49]} a4 {[%emt 0:01:30]} 35. bxa4 {[%emt 0:00:30]} Rxa4 {[%emt 0:00:00]} 36. b3 {[%emt 0:00:00]} Ra1 {[%emt 0:00:00]} 37. Rb6 {[%emt 0:03:17]} Kc7 {[%emt 0:01:30]} 38. Rxb4 {[%emt 0:00:36]} Rh1 {[%emt 0:00:00]} 39. Re4 {[%emt 0:03:49]} Rxh3+ {[%emt 0:00:00]} 40. Kc4 {[%emt 0:00:00]} Kd7 {[%emt 0:00:00]} 41. g5 {[%emt 0:04:02]} Rh1 {[%emt 0:04:00]} 42. b4 {[%emt 0:04:30]} Rc1+ {[%emt 0:00:30]} 43. Kb5 {[%emt 0:00:30]} Rd1 {[%emt 0:00:30]} 44. Kb6 {[%emt 0:05:30]} Rxd5 {[%emt 0:00:30]} 45. b5 {[%emt 0:00:00]} Rd1 {[%emt 0:00:00]} 46. Ra4 {[%emt 0:01:00]} Rb1 {[%emt 0:05:00]} 47. Ra7+ {[%emt 0:01:30]} Ke6 {[%emt 0:00:00]} 48. Rc7 {[%emt 0:02:13]} Rb4 {[%emt 0:01:00]} 49. Ka5 {[%emt 0:02:57]} Rxf4 {[%emt 0:00:30]} 50. b6 {[%emt 0:00:00]} Rf1 {[%emt 0:01:30]} 51. b7 {[%emt 0:00:10]} Rb1 {[%emt 0:00:30]} 52. Ka6 {[%emt 0:00:01]} Ra1+ {[%emt 0:01:30]} 53. Kb6 {[%emt 0:01:11]} Rb1+ {[%emt 0:01:30]} 54. Ka7 {[%emt 0:00:05]} Ra1+ {[%emt 0:00:30]} 55. Kb8 {[%emt 0:01:06]} Kf5 {[%emt 0:00:00]} 56. Rxf7+ {[%emt 0:03:15]} Kxg5 {[%emt 0:00:00]} 57. Kc8 {[%emt 0:01:19]} Rb1 {[%emt 0:00:30]} 58. Rxh7 {[%emt 0:00:31]} Kf4 {[%emt 0:01:30]} 59. b8=Q {[%emt 0:07:50]} Rxb8+ {[%emt 0:00:30]} 60. Kxb8 {[%emt 0:00:02]} g5 {[%emt 0:00:30]} 61. Kc7 {[%emt 0:01:06]} g4 {[%emt 0:00:00]} 62. Rf7+ {[%emt 0:04:37]} Ke3 {[%emt 0:00:00]} 63. Rg7 {[%emt 0:00:06]} Kf3 {[%emt 0:00:00]} 64. Rxg4 {[%emt 0:01:24]} Kxg4 {[%emt 0:01:00]} 65. Kc6 {[%emt 0:00:06]} d5 {[%emt 0:00:00]} 66. Kc5 {[%emt 0:00:30]} Kf4 {[%emt 0:00:00]} 67. Kd4 {[%emt 0:00:04]} Kf5 {[%emt 0:00:00]} 68. Kxd5 {[%emt 0:00:00]} 1/2-1/2

[Event "World Junior U20 Open 2018"]
[Site "Gebze"]
[Date "2018.09.12"]
[Round "8.67"]
[White "Kara, Yanki"]
[Black "Petkov, Momchil"]
[Result "0-1"]
[WhiteElo "2262"]
[BlackElo "2163"]
[Annotator "NA"]
[PlyCount "71"]
[EventDate "2018.09.05"]
[EventType "swiss"]
[EventCountry "TUR"]
[SourceTitle "playchess.com"]
[Source "ChessBase"]
[SourceQuality "1"]
[TimeControl "40/5400+30:1800+30"]

1. Nf3 {[%emt 0:00:30]} Nf6 {[%emt 0:00:30]} 2. g3 {[%emt 0:00:00]} d5 {[%emt 0:00:30]} 3. Bg2 {[%emt 0:00:00]} c6 {[%emt 0:00:00]} 4. c4 {[%emt 0:00:30]} Bf5 {[%emt 0:00:00]} 5. cxd5 {[%emt 0:00:00]} cxd5 {[%emt 0:00:30]} 6. Qb3 {[%emt 0:00:00]} Nc6 {[%emt 0:00:00]} 7. Qxb7 {[%emt 0:04:30]} Bd7 {[%emt 0:00:00]} 8. Qb3 {[%emt 0:00:00]} e5 {[%emt 0:00:30]} 9. O-O {[%emt 0:09:00]} Rb8 {[%emt 0:01:30]} 10. Qd1 {[%emt 0:01:30]} e4 {[%emt 0:05:30]} 11. Ne1 {[%emt 0:00:30]} h5 {[%emt 0:00:30]} 12. d3 {[%emt 0:11:30]} h4 {[%emt 0:04:30]} 13. Bf4 {[%emt 0:04:30]} hxg3 {[%emt 0:05:30]} 14. Bxg3 {[%emt 0:01:30]} Rxb2 {[%emt 0:03:30]} 15. Nc3 {[%emt 0:03:30]} Qa5 {[%emt 0:07:30]} 16. Rc1 {[%emt 0:27:30]} Bb4 {[%emt 0:06:30]} 17. Nb1 {[%emt 0:00:30]} Nd4 {[%emt 0:12:30]} 18. Nc2 {[%emt 0:10:30]} Nxc2 {[%emt 0:13:30]} 19. Rxc2 {[%emt 0:00:30]} Qxa2 {[%emt 0:01:30]} 20. Nc3 {[%emt 0:03:46]} Qb3 {[%emt 0:05:30]} 21. Rxb2 {[%emt 0:04:33]} Qxb2 {[%emt 0:00:30]} 22. Nb1 {[%emt 0:00:24]} O-O {[%emt 0:03:30]} 23. Bh4 {[%emt 0:03:34]} Bf5 {[%emt 0:04:30]} 24. d4 {[%emt 0:01:46]} Nd7 {[%emt 0:03:30]} 25. Bg5 {[%emt 0:04:09]} a5 {[%emt 0:01:11]} 26. h4 {[%emt 0:03:11]} Rc8 {[%emt 0:03:13]} 27. f3 {[%emt 0:01:26]} exf3 {[%emt 0:02:29]} 28. Bxf3 {[%emt 0:00:01]} Bc2 {[%emt 0:02:21]} 29. Qc1 {[%emt 0:00:01]} Qxd4+ {[%emt 0:00:42]} 30. Kg2 {[%emt 0:00:04]} Ne5 {[%emt 0:02:34]} 31. Qf4 {[%emt 0:00:08]} Qxf4 {[%emt 0:00:21]} 32. Bxf4 {[%emt 0:00:30]} Nxf3 {[%emt 0:00:30]} 33. Kxf3 {[%emt 0:00:00]} a4 {[%emt 0:01:36]} 34. Be5 {[%emt 0:00:34]} a3 {[%emt 0:01:15]} 35. Ke3 {[%emt 0:00:14]} Re8 {[%emt 0:00:30]} 36. Kd4 {[%emt 0:01:04]} 0-1

[Event "World Junior U20 Open 2018"]
[Site "Gebze"]
[Date "2018.09.12"]
[Round "8.68"]
[White "Aydincelebi, Kagan"]
[Black "Noboa, Kevin"]
[Result "1/2-1/2"]
[WhiteElo "2060"]
[BlackElo "2256"]
[Annotator "NA"]
[PlyCount "105"]
[EventDate "2018.09.05"]
[EventType "swiss"]
[EventCountry "TUR"]
[SourceTitle "playchess.com"]
[Source "ChessBase"]
[SourceQuality "1"]
[TimeControl "40/5400+30:1800+30"]

1. e4 {[%emt 0:00:30]} e6 {[%emt 0:00:30]} 2. d4 {[%emt 0:00:00]} d5 {[%emt 0:00:30]} 3. Nd2 {[%emt 0:00:00]} c5 {[%emt 0:00:00]} 4. exd5 {[%emt 0:00:00]} exd5 {[%emt 0:00:00]} 5. Bb5+ {[%emt 0:00:00]} Bd7 {[%emt 0:00:00]} 6. Bxd7+ {[%emt 0:03:30]} Nxd7 {[%emt 0:00:00]} 7. dxc5 {[%emt 0:04:30]} Bxc5 {[%emt 0:02:30]} 8. Nb3 {[%emt 0:04:30]} Ngf6 {[%emt 0:01:30]} 9. Nxc5 {[%emt 0:02:30]} Nxc5 {[%emt 0:00:30]} 10. Ne2 {[%emt 0:00:30]} O-O {[%emt 0:00:30]} 11. O-O {[%emt 0:00:00]} Re8 {[%emt 0:04:30]} 12. Be3 {[%emt 0:06:00]} Qd6 {[%emt 0:14:30]} 13. h3 {[%emt 0:11:30]} Rad8 {[%emt 0:10:30]} 14. Nd4 {[%emt 0:01:30]} Nfe4 {[%emt 0:08:30]} 15. Nf5 {[%emt 0:13:30]} Qf6 {[%emt 0:04:30]} 16. Bxc5 {[%emt 0:00:30]} Nxc5 {[%emt 0:02:30]} 17. Nd4 {[%emt 0:01:30]} Na4 {[%emt 0:10:30]} 18. Rb1 {[%emt 0:01:30]} Re4 {[%emt 0:00:30]} 19. c3 {[%emt 0:00:30]} Nb6 {[%emt 0:00:00]} 20. Qc2 {[%emt 0:01:30]} Rde8 {[%emt 0:03:00]} 21. Rbd1 {[%emt 0:00:30]} h5 {[%emt 0:07:30]} 22. Rd2 {[%emt 0:09:30]} Nc4 {[%emt 0:04:30]} 23. Re2 {[%emt 0:00:30]} Qxd4 {[%emt 0:08:34]} 24. cxd4 {[%emt 0:00:30]} Rxe2 {[%emt 0:00:00]} 25. Qc1 {[%emt 0:00:30]} Nxb2 {[%emt 0:04:12]} 26. Qg5 {[%emt 0:03:30]} Nc4 {[%emt 0:00:11]} 27. Rd1 {[%emt 0:00:30]} Nb6 {[%emt 0:01:11]} 28. a4 {[%emt 0:00:30]} Nxa4 {[%emt 0:00:22]} 29. Ra1 {[%emt 0:03:30]} Nc3 {[%emt 0:05:52]} 30. Rxa7 {[%emt 0:00:30]} Ne4 {[%emt 0:01:45]} 31. Qxd5 {[%emt 0:05:30]} Rxf2 {[%emt 0:02:12]} 32. Rxb7 {[%emt 0:01:30]} h4 {[%emt 0:00:42]} 33. Re7 {[%emt 0:00:30]} Rxe7 {[%emt 0:01:25]} 34. Qd8+ {[%emt 0:00:30]} Kh7 {[%emt 0:00:03]} 35. Qxe7 {[%emt 0:00:30]} Rf4 {[%emt 0:00:00]} 36. d5 {[%emt 0:02:30]} Ng3 {[%emt 0:00:30]} 37. Qe1 {[%emt 0:00:00]} Rd4 {[%emt 0:00:33]} 38. Qb1+ {[%emt 0:02:00]} g6 {[%emt 0:01:35]} 39. Qb7 {[%emt 0:02:30]} Rf4 {[%emt 0:02:32]} 40. Qb5 {[%emt 0:00:00]} Rf5 {[%emt 0:00:00]} 41. Qc4 {[%emt 0:01:00]} Rf4 {[%emt 0:01:51]} 42. Qb5 {[%emt 0:01:30]} Nf5 {[%emt 0:04:30]} 43. d6 {[%emt 0:03:30]} Rd4 {[%emt 0:04:30]} 44. d7 {[%emt 0:00:30]} Ng7 {[%emt 0:00:30]} 45. Kf2 {[%emt 0:01:30]} Ne6 {[%emt 0:00:30]} 46. Ke3 {[%emt 0:00:30]} Rd6 {[%emt 0:04:34]} 47. Qa4 {[%emt 0:03:30]} Kg7 {[%emt 0:01:56]} 48. Qb5 {[%emt 0:00:30]} Kf6 {[%emt 0:02:36]} 49. Qb8 {[%emt 0:03:30]} Rxd7 {[%emt 0:00:52]} 50. Qh8+ {[%emt 0:00:30]} Kg5 {[%emt 0:00:43]} 51. Qe5+ {[%emt 0:00:30]} Kh6 {[%emt 0:00:30]} 52. Qh8+ {[%emt 0:00:00]} Kg5 {[%emt 0:00:00]} 53. Ke4 {[%emt 0:00:00]} 1/2-1/2

[Event "World Junior U20 Open 2018"]
[Site "Gebze"]
[Date "2018.09.12"]
[Round "8.69"]
[White "Rodrigue-Lemieux, Shawn"]
[Black "Kwon, Sehyun"]
[Result "1-0"]
[WhiteElo "2250"]
[BlackElo "2129"]
[Annotator "NA"]
[PlyCount "77"]
[EventDate "2018.09.05"]
[EventType "swiss"]
[EventCountry "TUR"]
[SourceTitle "playchess.com"]
[Source "ChessBase"]
[SourceQuality "1"]
[TimeControl "40/5400+30:1800+30"]

1. e4 {[%emt 0:00:30]} e5 {[%emt 0:00:30]} 2. Nf3 {[%emt 0:00:30]} Nc6 {[%emt 0:00:00]} 3. Bc4 {[%emt 0:00:00]} Nf6 {[%emt 0:00:00]} 4. d3 {[%emt 0:00:00]} Be7 {[%emt 0:00:30]} 5. O-O {[%emt 0:00:00]} O-O {[%emt 0:00:00]} 6. c3 {[%emt 0:01:00]} d6 {[%emt 0:00:00]} 7. a4 {[%emt 0:01:30]} Kh8 {[%emt 0:03:30]} 8. a5 {[%emt 0:03:30]} a6 {[%emt 0:01:30]} 9. Qb3 {[%emt 0:04:30]} Qe8 {[%emt 0:22:30]} 10. Ng5 {[%emt 0:01:30]} Nd8 {[%emt 0:00:30]} 11. f4 {[%emt 0:02:30]} h6 {[%emt 0:05:30]} 12. Nf3 {[%emt 0:02:30]} exf4 {[%emt 0:02:30]} 13. Bxf4 {[%emt 0:01:30]} Nh5 {[%emt 0:02:30]} 14. Be3 {[%emt 0:06:30]} f5 {[%emt 0:01:30]} 15. exf5 {[%emt 0:12:30]} Bxf5 {[%emt 0:06:30]} 16. Nd4 {[%emt 0:04:30]} Bh4 {[%emt 0:07:30]} 17. Bd2 {[%emt 0:04:30]} Bg6 {[%emt 0:02:30]} 18. Na3 {[%emt 0:05:30]} Rxf1+ {[%emt 0:06:30]} 19. Rxf1 {[%emt 0:00:00]} c6 {[%emt 0:01:30]} 20. Qd1 {[%emt 0:16:00]} d5 {[%emt 0:01:30]} 21. Ba2 {[%emt 0:00:30]} Bxd3 {[%emt 0:10:30]} 22. Rf3 {[%emt 0:00:30]} Bg6 {[%emt 0:01:30]} 23. g4 {[%emt 0:02:30]} Bf6 {[%emt 0:11:32]} 24. Re3 {[%emt 0:09:30]} Qf7 {[%emt 0:00:56]} 25. gxh5 {[%emt 0:00:30]} Bxh5 {[%emt 0:00:17]} 26. Qf1 {[%emt 0:02:26]} c5 {[%emt 0:05:38]} 27. Nf5 {[%emt 0:04:30]} Nc6 {[%emt 0:01:41]} 28. Rh3 {[%emt 0:02:03]} Bg4 {[%emt 0:01:53]} 29. Nd6 {[%emt 0:03:20]} Qe6 {[%emt 0:02:02]} 30. Rg3 {[%emt 0:02:05]} Rf8 {[%emt 0:00:10]} 31. Qg2 {[%emt 0:01:56]} Be5 {[%emt 0:00:29]} 32. Rxg4 {[%emt 0:00:45]} Qxd6 {[%emt 0:00:28]} 33. Qxd5 {[%emt 0:02:19]} Qf6 {[%emt 0:00:54]} 34. Qg2 {[%emt 0:00:33]} Nd4 {[%emt 0:01:19]} 35. Bd5 {[%emt 0:01:22]} Nf5 {[%emt 0:00:35]} 36. Nc4 {[%emt 0:01:19]} Bc7 {[%emt 0:00:34]} 37. Qf3 {[%emt 0:01:26]} Qd8 {[%emt 0:00:29]} 38. Qe4 {[%emt 0:01:09]} Re8 {[%emt 0:00:42]} 39. Qxf5 {[%emt 0:00:31]} 1-0